Daily Capital City Riddle #149 - Statistics

General Stats
  • This quiz has been taken 32 times
  • The average score is 27 of 33
Answer Stats
Type Answer % Correct
Correctly Placed Letter A
100%
Found Letter A
100%
Alphabet Letter I
100%
Alphabet Letter O
100%
Found Letter R
100%
Alphabet Letter D
96%
Alphabet Letter L
96%
Alphabet Letter M
96%
Alphabet Letter N
96%
Alphabet Letter C
92%
Found Letter E
92%
Alphabet Letter S
92%
Alphabet Letter T
92%
Found Letter B
88%
Found Letter G
88%
Alphabet Letter P
88%
Alphabet Letter U
88%
Alphabet Letter H
83%
Alphabet Letter W
83%
Correctly Placed Letter E
79%
Alphabet Letter V
79%
Alphabet Letter J
75%
Alphabet Letter K
75%
Correctly Placed Letter R
75%
Alphabet Letter Y
75%
Alphabet Letter X
67%
Correctly Placed Letter G
58%
Alphabet Letter Q
58%
Alphabet Letter F
54%
Correctly Placed Letter B
50%
Correctly Placed Letter Z
50%
Found Letter Z
50%
Mystery Capital Zagreb
50%
No matching quizzes found
Score Distribution
Percent of People with Each Score
Percentile by Number Answered
Your Score History
You have not taken this quiz